000 00454nam a2200169Ia 4500
003 GCL
008 140319s9999 xx 000 0 eng d
040 _aGCL /
_cGCL
082 0 4 _a617.585
_bS T
100 1 _aSIMONS, GEORGE W
245 1 0 _aThe Clubfoot: The Present A View of the Future /
_cSIMONS, GEORGE W
260 _a[S.N] :
_bSPRINGER - VERLAG ،
_c1994
300 _a586
650 0 4 _aCLUBFOOT
650 0 4 _aCLUBFOOT SURGERY
942 _2ddc
_cBK
999 _c22210
_d22210